| 000 | 00335nam a22001337a 4500 | ||
|---|---|---|---|
| 020 | _a978-93-85436-16-1 | ||
| 082 |
_a900 _bLAS/H |
||
| 100 | _aLASCELLES, CHRISTOPHER | ||
| 245 | _aA SHORT HISTORY OF THE WORLD | ||
| 260 |
_aDELHI _bBLOOMSBURY PUBLISHING INDIA _c2011 |
||
| 300 | _a245 | ||
| 650 |
_aHISTORY REFERENCE _zINDIA |
||
| 942 | _cBK | ||
| 999 |
_c1626 _d1626 |
||